00818nam a2200193 a 4500008004100000020001800041050001400059100001800073245012700091250001200218260004800230300002000278350000900298650001800307650004300325995010900368999001700477952013000494100118s2003 ||||||||||||||||| || u a9780521876254 aBC 71 Des aBaader, Franz14aThe description logic handbook: theory, implementation and applications. -- 2nd ed.cedited by Franz Baader...[and others] a2nd ed. aCambridgebCambridge University Pressc2003 axix, 601p.: ill a0.00 7aSCIENCE2fast aDESCRIPTION LOGICS--HANDBOOKS, MANUALS D0.00FCBU-MAIN LIBRARY (Kitwe)H1I0.00M1UAVAILABLEWFeb 22, 2010ZMain Library Open Access Collection c39639d39639 00102lcc4070a001b001cMain Library Open Access Collectiond2022-11-30l0oBC 71 Desp740760r2022-11-30w2022-11-30y002